[Event "Hessen-chC"]
[Site "Frankfurt"]
[Date "2019.06.02"]
[Round "7"]
[White "Urbach, Jens"]
[Black "Elpelt, Silvia"]
[Result "1/2-1/2"]
[WhiteElo "1509"]
[BlackElo "1413"]
[PlyCount "54"]
[EventDate "2019.05.30"]
[EventType "swiss"]
[EventRounds "7"]
[EventCountry "GER"]
[SourceTitle "EXT 2020"]
[Source "ChessBase"]
[SourceDate "2019.10.17"]
[SourceVersion "1"]
[SourceVersionDate "2019.10.17"]
[SourceQuality "1"]

1. e4 e5 2. Nf3 Nc6 3. d4 d6 4. dxe5 Nxe5 5. Nxe5 dxe5 6. Qxd8+ Kxd8 7. Bc4 f6 8. 0-0 Bc5 9. Rd1+ Ke7 10. Nd2 Be6 11. Bxe6 Kxe6 12. Nb3 Bb6 13. g4 h6 14. c4 a6 15. Kg2 Ne7 16. f4 Nc6 17. f5+ Ke7 18. a3 Nd4 19. Nxd4 Bxd4 20. Rb1 Rad8 21. Bd2 b6 22. Kf3 Rd7 23. Be3 Rhd8 24. Rd3 Bxe3 25. Rxd7+ Rxd7 26. Kxe3 Rd4 27. Rc1 c6 1/2-1/2

[Event "Hessen Cup Goldener Springer"]
[Site "Griesheim"]
[Date "2019.01.20"]
[Round "5"]
[White "Urbach, Jens"]
[Black "John, Volkmar"]
[Result "1/2-1/2"]
[WhiteElo "1508"]
[BlackElo "1688"]
[PlyCount "98"]
[EventDate "2019.01.18"]
[EventType "swiss"]
[EventRounds "6"]
[EventCountry "GER"]
[SourceTitle "EXT 2020"]
[Source "ChessBase"]
[SourceDate "2019.10.17"]
[SourceVersion "1"]
[SourceVersionDate "2019.10.17"]
[SourceQuality "1"]

1. e4 e5 2. Nf3 Nc6 3. d4 exd4 4. Nxd4 Bb4+ 5. c3 Bc5 6. Be3 Bb6 7. Bc4 Nge7 8. 0-0 0-0 9. Nd2 d5 10. Nxc6 bxc6 11. exd5 cxd5 12. Bxb6 axb6 13. Be2 Be6 14. Bf3 Qd6 15. c4 Rad8 16. cxd5 Nxd5 17. Ne4 Qe5 18. Qc1 Nb4 19. Qc3 Qxc3 20. Nxc3 Rd2 21. b3 Rfd8 22. Rad1 Kf8 23. Rxd2 Rxd2 24. Rd1 Rc2 25. Nb5 Nxa2 26. Nd4 Rc1 27. Nxe6+ fxe6 28. h4 Ke7 29. Kh2 Rxd1 30. Bxd1 Nc3 31. Bc2 h6 32. Kh3 c5 33. Kg4 Kf6 34. f4 Nd5 35. Kf3 g5 36. hxg5+ hxg5 37. fxg5+ Kxg5 38. Ke4 Nb4 39. Bd1 Nc6 40. g3 Kf6 41. Kd3 Ke5 42. Kc4 Nd4 43. g4 Kd6 44. g5 b5+ 45. Kc3 Ke5 46. b4 cxb4+ 47. Kxb4 Kf5 48. Kc5 e5 49. Kd5 Kxg5 1/2-1/2

[Event "Hessen Cup Goldener Springer"]
[Site "Griesheim"]
[Date "2019.01.18"]
[Round "2"]
[White "Stuhlmann, Florian"]
[Black "Urbach, Jens"]
[Result "1-0"]
[WhiteElo "1851"]
[BlackElo "1508"]
[PlyCount "37"]
[EventDate "2019.01.18"]
[EventType "swiss"]
[EventRounds "6"]
[EventCountry "GER"]
[SourceTitle "EXT 2020"]
[Source "ChessBase"]
[SourceDate "2019.10.17"]
[SourceVersion "1"]
[SourceVersionDate "2019.10.17"]
[SourceQuality "1"]

1. d4 d5 2. c4 c6 3. Nc3 dxc4 4. a4 a5 5. e4 e6 6. Bxc4 Bb4 7. Nf3 h6 8. 0-0 Bxc3 9. bxc3 Nf6 10. Re1 0-0 11. Qd3 Nbd7 12. e5 Nd5 13. Bb3 f6 14. Bxh6 Qe7 15. exf6 N7xf6 16. Bc1 b6 17. Ne5 Ba6 18. Qh3 Bb7 19. Ng6 1-0

[Event "Rhein Main op-B 20th"]
[Site "Bad Homburg"]
[Date "2017.06.17"]
[Round "5"]
[White "Urbach, Jens"]
[Black "Emig, Nils"]
[Result "0-1"]
[WhiteElo "1582"]
[BlackElo "1298"]
[PlyCount "68"]
[EventDate "2017.06.14"]
[EventType "swiss"]
[EventRounds "7"]
[EventCountry "GER"]
[SourceTitle "EXT 2018"]
[Source "ChessBase"]
[SourceDate "2017.10.13"]
[SourceVersion "1"]
[SourceVersionDate "2017.10.13"]
[SourceQuality "1"]

1. e4 c5 2. c3 Nf6 3. e5 Nd5 4. d4 e6 5. Nf3 Nc6 6. Be2 Qc7 7. 0-0 d6 8. exd6 Bxd6 9. Na3 a6 10. Nc4 Be7 11. Nce5 cxd4 12. Nxc6 Qxc6 13. Nxd4 Qc7 14. Bf3 Nf6 15. g3 0-0 16. Bg2 Rd8 17. Qf3 Rb8 18. Re1 Bd6 19. Bg5 Be7 20. Bf4 Bd6 21. Bg5 Be5 22. Bxf6 Bxf6 23. Rad1 b5 24. Qe2 Bb7 25. Bxb7 Qxb7 26. Qe4 Qxe4 27. Rxe4 e5 28. Nc6 Rxd1+ 29. Kg2 Re8 30. f4 Rd6 31. Nd4 Rdd8 32. Nc6 Rc8 33. Nxe5 Bxe5 34. fxe5 Rc5 0-1

[Event "Rhein Main op-B 20th"]
[Site "Bad Homburg"]
[Date "2017.06.16"]
[Round "4"]
[White "Ottway, Ann Kristin"]
[Black "Urbach, Jens"]
[Result "1/2-1/2"]
[WhiteElo "974"]
[BlackElo "1582"]
[PlyCount "117"]
[EventDate "2017.06.14"]
[EventType "swiss"]
[EventRounds "7"]
[EventCountry "GER"]
[SourceTitle "EXT 2018"]
[Source "ChessBase"]
[SourceDate "2017.10.13"]
[SourceVersion "1"]
[SourceVersionDate "2017.10.13"]
[SourceQuality "1"]

1. e4 e6 2. d4 d5 3. exd5 exd5 4. Bf4 Nf6 5. Nf3 Bd6 6. Bg3 0-0 7. Bxd6 Qxd6 8. Be2 Qb4+ 9. Nbd2 Nc6 10. c3 Qxb2 11. Qc1 Qxc1+ 12. Rxc1 Re8 13. h3 Bd7 14. Rc2 Re7 15. Nb3 b6 16. 0-0 Bf5 17. Rb2 Rae8 18. Bb5 Bd7 19. Rbb1 Ne4 20. Rbc1 a5 21. Rfe1 a4 22. Bxa4 Nxc3 23. Rxe7 Rxe7 24. Rxc3 Nxd4 25. Bxd7 Ne2+ 26. Kf1 Nxc3 27. Bc6 Re6 28. Nbd4 Re7 29. a3 h6 30. Nf5 Re2 31. Ne3 Ra2 32. Nxd5 Ra1+ 33. Ne1 Nxd5 34. Bxd5 Rxa3 35. Nf3 Rd3 36. Bc4 Rc3 37. Ne5 b5 38. Bxf7+ Kf8 39. Bg6 b4 40. Nf3 b3 41. Nd2 c5 42. Ke2 b2 43. Nb1 Rc1 44. Na3 Ke7 45. g4 Ra1 46. Nb1 Kf6 47. Be4 Ke5 48. f3 Kd4 49. Kd2 Ra6 50. h4 c4 51. g5 hxg5 52. hxg5 Ra5 53. g6 Rg5 54. Kc2 Rg2+ 55. Kd1 c3 56. Bf5 Rg1+ 57. Kc2 Rc1+ 58. Kb3 Rf1 59. Be4 1/2-1/2

[Event "Frankfurt-chA"]
[Site "Frankfurt"]
[Date "2017.06.12"]
[Round "7"]
[White "Leichum, Engelbert"]
[Black "Urbach, Jens"]
[Result "1/2-1/2"]
[WhiteElo "1688"]
[BlackElo "1407"]
[PlyCount "93"]
[EventDate "2017.04.24"]
[EventType "swiss"]
[EventRounds "7"]
[EventCountry "GER"]
[SourceTitle "EXT 2018"]
[Source "ChessBase"]
[SourceDate "2017.10.13"]
[SourceVersion "1"]
[SourceVersionDate "2017.10.13"]
[SourceQuality "1"]

1. e4 e6 2. d4 d5 3. e5 c5 4. c3 cxd4 5. cxd4 Bb4+ 6. Nc3 Nc6 7. Nf3 h6 8. Bd3 Nge7 9. 0-0 0-0 10. Nh4 f5 11. Ne2 Qe8 12. f4 Ng6 13. Nxg6 Qxg6 14. Be3 Be7 15. Rf3 Qh7 16. Rh3 Bd7 17. g4 Qg6 18. Rg3 Qf7 19. Kh1 Kh8 20. Qg1 Rg8 21. g5 Nb4 22. Bb1 Qh5 23. Qg2 Bb5 24. Nc3 Bd3 25. Rh3 Qg4 26. Qxg4 fxg4 27. Rh4 Nc2 28. Bxc2 Bxc2 29. Rxg4 Bf5 30. Rh4 a6 31. Rg1 b5 32. b4 a5 33. Nxb5 Be4+ 34. Rg2 Bxg2+ 35. Kxg2 axb4 36. Kf3 Rxa2 37. Rh3 b3 38. Nc3 b2 39. gxh6 Ra1 40. hxg7+ Kxg7 41. f5 b1Q 42. Nxb1 Rxb1 43. Rg3+ Kh7 44. Rh3+ Kg7 45. Rg3+ Kh7 46. Rh3+ Kg7 47. Rg3+ 1/2-1/2

[Event "Frankfurt-chB"]
[Site "Frankfurt"]
[Date "2015.06.01"]
[Round "5"]
[White "Urbach, Jens"]
[Black "Lopez, Victor"]
[Result "0-1"]
[WhiteElo "1408"]
[BlackElo "1442"]
[PlyCount "62"]
[EventDate "2015.04.27"]
[EventType "swiss"]
[EventRounds "7"]
[EventCountry "GER"]
[SourceTitle "EXT 2016"]
[Source "ChessBase"]
[SourceDate "2015.10.08"]
[SourceVersion "1"]
[SourceVersionDate "2015.10.08"]
[SourceQuality "1"]

1. e4 c6 2. d4 d5 3. exd5 cxd5 4. Nf3 Nf6 5. c4 Nc6 6. c5 Bg4 7. Be2 e6 8. 0-0 Be7 9. Nc3 0-0 10. Be3 Nd7 11. h3 Bh5 12. a3 Bxf3 13. Bxf3 Bg5 14. Qd2 Bxe3 15. Qxe3 Qf6 16. Ne2 Rfe8 17. Rad1 a5 18. Nc3 Na7 19. Rfe1 h6 20. Ne2 Nc6 21. Nf4 b6 22. Nh5 Qd8 23. Rc1 Rb8 24. cxb6 Qxb6 25. Qc3 Rec8 26. Be2 Nxd4 27. Qxc8+ Rxc8 28. Rxc8+ Kh7 29. Bd3+ g6 30. Rec1 Qb3 31. Rd1 Qxd1+ 0-1

[Event "Main Vogelsberg op 10th"]
[Site "Hanau"]
[Date "2015.05.24"]
[Round "4"]
[White "Merker, Markus"]
[Black "Urbach, Jens"]
[Result "1/2-1/2"]
[WhiteElo "1288"]
[BlackElo "1496"]
[PlyCount "109"]
[EventDate "2015.05.22"]
[EventType "swiss"]
[EventRounds "7"]
[EventCountry "GER"]
[SourceTitle "EXT 2016"]
[Source "ChessBase"]
[SourceDate "2015.10.08"]
[SourceVersion "1"]
[SourceVersionDate "2015.10.08"]
[SourceQuality "1"]

1. d4 d5 2. Bf4 Bf5 3. e3 e6 4. Nf3 Nf6 5. Nh4 h6 6. Nxf5 exf5 7. Bd3 g6 8. Be5 Bd6 9. Bxf6 Qxf6 10. Nd2 a6 11. 0-0 Nc6 12. a3 0-0-0 13. c4 dxc4 14. Bxc4 Qh4 15. g3 Qe7 16. Qb3 Na5 17. Qc3 Nxc4 18. Nxc4 h5 19. Nxd6+ Qxd6 20. Rac1 h4 21. Qc4 Rh7 22. Qc5 hxg3 23. fxg3 Qd7 24. Rf2 Kb8 25. Rfc2 f6 26. Rf1 Qe6 27. Qc3 Rdh8 28. Qd3 Re8 29. Re2 Qd5 30. Rf4 Re4 31. Ref2 Rhe7 32. Rxe4 fxe4 33. Qf1 f5 34. Rc2 Qb3 35. Qf2 Re6 36. Rc3 Qa2 37. Qc2 Rb6 38. b4 Qxc2 39. Rxc2 Rd6 40. h4 b6 41. Rh2 Rc6 42. h5 Rc1+ 43. Kg2 Rc2+ 44. Kg1 Rxh2 45. Kxh2 gxh5 46. Kh3 Kc8 47. Kh4 Kd7 48. Kxh5 Ke6 49. Kg5 c6 50. Kf4 b5 51. g4 fxg4 52. Kxg4 Kd6 53. Kf5 Kd5 54. Kf4 Kd6 55. Kf5 1/2-1/2

[Event "Main Vogelsberg op 10th"]
[Site "Hanau"]
[Date "2015.05.24"]
[Round "5"]
[White "Urbach, Jens"]
[Black "Zimmermann, Alfons"]
[Result "1/2-1/2"]
[WhiteElo "1496"]
[BlackElo "1351"]
[PlyCount "109"]
[EventDate "2015.05.22"]
[EventType "swiss"]
[EventRounds "7"]
[EventCountry "GER"]
[SourceTitle "EXT 2016"]
[Source "ChessBase"]
[SourceDate "2015.10.08"]
[SourceVersion "1"]
[SourceVersionDate "2015.10.08"]
[SourceQuality "1"]

1. e4 e5 2. Nf3 Nc6 3. d4 d6 4. dxe5 dxe5 5. Qxd8+ Kxd8 6. Ng5 Nh6 7. Bc4 Ke8 8. Nc3 Nb4 9. Bb3 c6 10. a3 Na6 11. Nf3 f6 12. Bxh6 gxh6 13. 0-0-0 Bg4 14. h3 Bxf3 15. gxf3 Bc5 16. Rh2 Ke7 17. Ne2 Rad8 18. Rxd8 Kxd8 19. Ng3 Nc7 20. Nf5 h5 21. Rg2 Ne8 22. Nh6 Kc7 23. Bf7 Nd6 24. Bxh5 Rf8 25. Rg7+ Kb6 26. Rxh7 Bxf2 27. Kb1 a5 28. Bg4 Kc5 29. Nf5 b6 30. Rc7 Rf7 31. Ne7 Kb5 32. Be6 Rg7 33. b3 Rg1+ 34. Ka2 Bd4 35. c4+ Ka6 36. b4 Ra1+ 37. Kb3 Rb1+ 38. Kc2 Rb2+ 39. Kc1 Ra2 40. Nxc6 Ra1+ 41. Kc2 b5 42. Nxd4 exd4 43. Rc6+ Kb7 44. Rxd6 Rxa3 45. Rxd4 axb4 46. cxb5 Rxf3 47. Rxb4 Kb6 48. Bg4 Ra3 49. Be6 Ra8 50. Kd3 Rb8 51. Ke3 Kc5 52. Rb1 Kd6 53. Bf5 Ke5 54. b6 Rxb6 55. Rxb6 1/2-1/2

[Event "Main Vogelsberg op 10th"]
[Site "Hanau"]
[Date "2015.05.23"]
[Round "2"]
[White "Wehner, Till"]
[Black "Urbach, Jens"]
[Result "1/2-1/2"]
[WhiteElo "1201"]
[BlackElo "1496"]
[PlyCount "153"]
[EventDate "2015.05.22"]
[EventType "swiss"]
[EventRounds "7"]
[EventCountry "GER"]
[SourceTitle "EXT 2016"]
[Source "ChessBase"]
[SourceDate "2015.10.08"]
[SourceVersion "1"]
[SourceVersionDate "2015.10.08"]
[SourceQuality "1"]

1. e4 e6 2. d4 d5 3. Nc3 Bb4 4. Qg4 g6 5. e5 f5 6. Qg5 Bxc3+ 7. bxc3 Qxg5 8. Bxg5 h6 9. Be3 Ne7 10. Bd3 Nd7 11. f4 Nb6 12. Rb1 Na4 13. Bb5+ Bd7 14. Bxd7+ Kxd7 15. Ne2 Nb6 16. Bd2 Kc6 17. Nc1 Nc4 18. Nd3 b6 19. Bc1 a5 20. a4 Nc8 21. Rb3 Na7 22. Nb2 Rab8 23. Nxc4 dxc4 24. Ra3 b5 25. axb5+ Kxb5 26. Be3 Ka6 27. 0-0 Nb5 28. Ra4 Nxc3 29. Rxc4 Nd5 30. Bd2 Rb5 31. Rc6+ Rb6 32. Rxb6+ cxb6 33. c4 Ne7 34. Rb1 Rc8 35. Rc1 Rd8 36. Be3 Rc8 37. d5 exd5 38. cxd5 Rxc1+ 39. Bxc1 Nxd5 40. e6 Kb7 41. Ba3 Nf6 42. e7 Ne8 43. Kf2 Kc6 44. Ke3 Kd7 45. Kd4 Nf6 46. Ke5 Ng8 47. e8Q+ Kxe8 48. Kd5 Kd7 49. Ke5 b5 50. Kd5 b4 51. Bb2 a4 52. Kc4 a3 53. Bd4 b3 54. Kxb3 a2 55. Kxa2 Ke6 56. Kb3 Kd5 57. Kc3 Ne7 58. Bg7 h5 59. Kd3 Nc6 60. Bf6 Na5 61. Ke3 Nc4+ 62. Kf3 Nd2+ 63. Kg3 Ne4+ 64. Kh4 Nxf6 65. Kg5 Ke6 66. Kxg6 h4 67. Kg5 Nd5 68. Kxh4 Nxf4 69. g3 Ng2+ 70. Kg5 Ne3 71. h4 Ng4 72. h5 Ke5 73. h6 Nxh6 74. Kxh6 Kf6 75. Kh5 Ke5 76. Kh4 Ke4 77. Kg5 1/2-1/2

[Event "Frankfurt-chB"]
[Site "Frankfurt"]
[Date "2015.05.18"]
[Round "4"]
[White "Giebitz, Walter"]
[Black "Urbach, Jens"]
[Result "0-1"]
[WhiteElo "1326"]
[BlackElo "1408"]
[PlyCount "174"]
[EventDate "2015.04.27"]
[EventType "swiss"]
[EventRounds "7"]
[EventCountry "GER"]
[SourceTitle "EXT 2016"]
[Source "ChessBase"]
[SourceDate "2015.10.08"]
[SourceVersion "1"]
[SourceVersionDate "2015.10.08"]
[SourceQuality "1"]

1. e4 e6 2. Nf3 d5 3. exd5 exd5 4. d3 Nf6 5. Bd2 Bd6 6. Nc3 0-0 7. Be2 c5 8. 0-0 Bd7 9. Re1 Qc7 10. g3 a6 11. Bg5 Qd8 12. Nxd5 Be7 13. Nxe7+ Qxe7 14. Bf1 Qd6 15. Bg2 Bc6 16. Bxf6 Qxf6 17. c3 Nd7 18. d4 Rfe8 19. Qd3 c4 20. Qd1 Rxe1+ 21. Nxe1 Bxg2 22. Kxg2 Rd8 23. Qf3 Qb6 24. Qe2 Qe6 25. Qf3 Qb6 26. Rb1 a5 27. Nc2 Qg6 28. Qe2 Kf8 29. Re1 Qc6+ 30. Qf3 Qg6 31. Qe4 Qxe4+ 32. Rxe4 Nf6 33. Re5 b6 34. Na3 Rc8 35. h3 Nd7 36. Re2 f5 37. Nb5 Rc6 38. d5 Rc5 39. Nd6 Nf6 40. Nxf5 Rxd5 41. g4 Rd7 42. Nd4 Nd5 43. Kg3 g6 44. Re6 Kf7 45. Re4 Rd6 46. Nf3 b5 47. Nd4 Nf6 48. Re5 b4 49. Nb5 Rd3+ 50. Re3 Ne4+ 51. Kg2 bxc3 52. Nxc3 Nxc3 53. bxc3 Rd2 54. Re4 Rxa2 55. Rxc4 a4 56. Rc7+ Kf6 57. Rxh7 a3 58. Ra7 Ra1 59. c4 a2 60. c5 Rc1 61. Rxa2 Rxc5 62. Re2 Rc3 63. Re3 Rc2 64. Kg3 Rc4 65. f4 Rc5 66. Kh4 Rc8 67. Re5 Rh8+ 68. Kg3 Rc8 69. f5 Kxe5 70. Kh4 gxf5 71. g5 Ke6 72. Kg3 Rf8 73. Kf4 Rh8 74. g6 Rxh3 75. Kg5 Rg3+ 76. Kh6 Rxg6+ 77. Kxg6 f4 78. Kg5 f3 79. Kg4 f2 80. Kg3 f1Q 81. Kg4 Kf6 82. Kg3 Kg5 83. Kh2 Qf2+ 84. Kh1 Qe2 85. Kg1 Kg4 86. Kh1 Kg3 87. Kg1 Qg2# 0-1

[Event "Hofheim Spring op-B 3rd"]
[Site "Hofheim"]
[Date "2015.04.11"]
[Round "9"]
[White "Gelfenbaum, Daniel"]
[Black "Urbach, Jens"]
[Result "1/2-1/2"]
[WhiteElo "1715"]
[BlackElo "1611"]
[PlyCount "69"]
[EventDate "2015.04.07"]
[EventType "swiss"]
[EventRounds "9"]
[EventCountry "GER"]
[SourceTitle "EXT 2016"]
[Source "ChessBase"]
[SourceDate "2015.10.08"]
[SourceVersion "1"]
[SourceVersionDate "2015.10.08"]
[SourceQuality "1"]

1. e4 e5 2. Nf3 Nc6 3. d4 exd4 4. Nxd4 Nxd4 5. Qxd4 d6 6. Nc3 c5 7. Qa4+ Bd7 8. Bb5 a6 9. Bxd7+ Qxd7 10. Qxd7+ Kxd7 11. Nd5 Re8 12. f3 f5 13. 0-0 fxe4 14. fxe4 Ne7 15. Bd2 Nxd5 16. exd5 Re2 17. Rf2 Rxf2 18. Kxf2 Be7 19. c4 Rf8+ 20. Ke2 Re8 21. Kf2 Rf8+ 22. Ke2 Re8 23. Kd3 Bf6 24. Rb1 Rf8 25. Rf1 Ke8 26. g4 h6 27. h3 Kf7 28. Bf4 Ke7 29. Bg3 Kd7 30. h4 Re8 31. Re1 Be7 32. Re6 Rf8 33. Ke2 b5 34. Rg6 Rf7 35. b3 1/2-1/2

[Event "Hofheim Spring op-B 3rd"]
[Site "Hofheim"]
[Date "2015.04.08"]
[Round "2"]
[White "Urbach, Jens"]
[Black "Reinisch, Markus"]
[Result "0-1"]
[WhiteElo "1611"]
[BlackElo "1703"]
[PlyCount "50"]
[EventDate "2015.04.07"]
[EventType "swiss"]
[EventRounds "9"]
[EventCountry "GER"]
[SourceTitle "CBM 166 Extra"]
[Source "ChessBase"]
[SourceDate "2015.06.18"]
[SourceVersion "1"]
[SourceVersionDate "2015.06.18"]
[SourceQuality "1"]

1. e4 e6 2. d4 d5 3. exd5 exd5 4. Nf3 Nf6 5. Be2 Be7 6. 0-0 0-0 7. c4 c6 8. cxd5 Nxd5 9. Nc3 Be6 10. Nxd5 Bxd5 11. Qc2 Nd7 12. Be3 Re8 13. Qf5 Be6 14. Qe4 Nf6 15. Qd3 Nd5 16. Bd2 Bf6 17. Bd1 g6 18. Bc2 Qb6 19. Rab1 Rad8 20. a3 Bf5 21. Qb3 Qxb3 22. Bxb3 Bxb1 23. Rxb1 Nc7 24. Be3 Nb5 25. Rd1 Nxd4 0-1

[Event "Hofheim Spring op-B 3rd"]
[Site "Hofheim"]
[Date "2015.04.07"]
[Round "1"]
[White "Weiland, Thomas"]
[Black "Urbach, Jens"]
[Result "1-0"]
[WhiteElo "1833"]
[BlackElo "1611"]
[PlyCount "64"]
[EventDate "2015.04.07"]
[EventType "swiss"]
[EventRounds "9"]
[EventCountry "GER"]
[SourceTitle "CBM 166 Extra"]
[Source "ChessBase"]
[SourceDate "2015.06.18"]
[SourceVersion "1"]
[SourceVersionDate "2015.06.18"]
[SourceQuality "1"]

1. e4 e5 2. Nf3 Nc6 3. Bb5 d6 4. 0-0 Bd7 5. Nc3 Nf6 6. d4 exd4 7. Nxd4 Nxd4 8. Qxd4 Bxb5 9. Nxb5 a6 10. Nc3 Be7 11. Bg5 0-0 12. Rfe1 c5 13. Qd2 Nd7 14. Bxe7 Qxe7 15. Rad1 Ne5 16. b3 Rad8 17. Qf4 Nc6 18. Nd5 Qe5 19. Qxe5 dxe5 20. c3 f5 21. exf5 Rf7 22. Ne3 Rdf8 23. g4 g6 24. Rd5 gxf5 25. Nxf5 b6 26. Nh6+ Kg7 27. Nxf7 Rxf7 28. Rd6 Rc7 29. Red1 b5 30. Rd7+ Rxd7 31. Rxd7+ Kg8 32. Rc7 Nd8 1-0

[Event "Eschborn op 11th"]
[Site "Eschborn"]
[Date "2014.09.05"]
[Round "1"]
[White "Lenhardt, Manfred"]
[Black "Urbach, Jens"]
[Result "1-0"]
[WhiteElo "2023"]
[BlackElo "1359"]
[PlyCount "31"]
[EventDate "2014.09.05"]
[EventType "swiss"]
[EventRounds "5"]
[EventCountry "GER"]
[SourceTitle "EXT 2015"]
[Source "ChessBase"]
[SourceDate "2014.11.20"]
[SourceVersion "1"]
[SourceVersionDate "2014.11.20"]
[SourceQuality "1"]

1. Nf3 d5 2. g3 Nc6 3. Bg2 Bf5 4. d3 e5 5. 0-0 Nf6 6. c4 e4 7. Nh4 Be6 8. cxd5 Bxd5 9. Nc3 Be7 10. Nf5 0-0 11. Bg5 exd3 12. Bxf6 Bxg2 13. Nxe7+ Nxe7 14. Bxe7 Qxe7 15. Kxg2 dxe2 16. Qxe2 1-0